Statistics for Famous People who Died in Vehicular Accidents

Click here to take the quiz!

General Stats

  • This quiz has been taken 395 times
    (213 since last reset)
  • The average score is 7 of 15

Answer Stats

AccidentHintPerson% Correct
1997Princess of WalesPrincess Diana
96%
1955Star of Rebel Without a CauseJames Dean
83%
1982Actress and Princess of MonacoGrace Kelly
77%
1945WWII general later portrayed by George C. ScottGeorge S. Patton
63%
2013Brian O'Conner in the Fast & Furious franchisePaul Walker
60%
1935Led Arabs against the Ottomans during WWIT. E. Lawrence
59%
1956Abstract expressionist painter known for drippingJackson Pollock
45%
2002Rapper who was a member of TLCLisa Lopes
37%
1977Singer-songwriter and guitarist of T. RexMarc Bolan
37%
2001NASCAR driver who died in a raceDale Earnhardt
36%
2022Six Days, Seven Nights actress who dated EllenAnne Heche
35%
2015Mathematician A Beautiful Mind was aboutJohn Nash
32%
1960Author of The Stranger and The PlagueAlbert Camus
29%
1981Singer-songwriter of "Cat's in the Cradle"Harry Chapin
20%
1986Metallica bassistCliff Burton
19%

Score Distribution

Percentile by Number Answered

Percent of People with Each Score

Your Score History

You have not taken this quiz since the last reset